Carta del capellán Alvaro Contreras al Obispo de Puebla, Manuel Fernández de Santa Cruz, sobre la labor realizada en el Obispado

Detalles Bibliográficos
Otros Autores: Alvaro de Contreras
Formato: Libro
Publicado: Puebla de los Ángeles, 1695
Materias:
Colección:Banco de datos
Acervo:Biblioteca Palafoxiana. Colección de Manuscritos
Descripción Física:2 f. ; 21.5 x 28.5 cm.
Tema general:Civil
LEADER 00485nam a22001450004500
035 |a 2926 
245 1 0 |a Carta del capellán Alvaro Contreras al Obispo de Puebla, Manuel Fernández de Santa Cruz, sobre la labor realizada en el Obispado 
260 |a Puebla de los Ángeles, 1695 
300 |a 2 f. ; 21.5 x 28.5 cm. 
650 1 0 |a Civil 
700 1 |a Alvaro de Contreras 
949 |a R469/065 
942 |c PALAMANU 
943 |g Biblioteca Palafoxiana. Colección de Manuscritos 
999 |c 1070871  |d 1070871